Liečivé rastliny v pevencii a podpornej liečbe civilizačných ochorení

Bibliographic Details
Main Authors: Habánová, Marta, 1969- (Author), Habán, Miroslav, 1969- (Author), Chlebo, Peter, 1962- (Author)
Format: Article
Language:Slovak
PhysicalDescription:Fotogr., tab.
ISSN:1335-9878
Subjects:

MARC

LEADER 00000nab a2200000 ar4500
001 vtls008699493
003 SK-MaSNL
005 20260304134634.0
008 250505c2006 xo |||||||||||000 b|slo
015 |a SNBRB2006/05  |2 snkbucl 
035 |a (uuid)44b5ad3c-88ae-482e-b7be-a3c544b64db7 
035 |a urn:nbn:sk:snk-ab1vyz 
035 |a (urnnbn)urn:nbn:sk:snk:ar-a013re 
038 |a SNKBUCL 
040 |a SNKBUCL  |b slo  |c SNKBUCL  |e AACR2 
041 0 |a slo 
044 |a xo  |c SK 
080 |a 615.322:616-056.25  |2 1997 
080 |a 616-056.25  |2 1997 
080 |a 615.89:633.88  |2 1997 
080 |a 633.88  |2 1997 
100 1 |a Habánová, Marta,  |d 1969-  |4 aut  |9 208168 
245 1 0 |a Liečivé rastliny v pevencii a podpornej liečbe civilizačných ochorení  |c M. Habánová, M. Habán, P. Chlebo 
300 |b Fotogr., tab. 
650 0 7 |a obezita  |2 snkbucl  |9 2527 
650 0 7 |a prevencia ochorení  |2 snkbucl  |9 69501 
650 0 7 |a fytoterapia  |2 snkbucl  |9 1147 
650 0 7 |a liečivé rastliny  |2 snkbucl  |9 3510 
700 1 |a Habán, Miroslav,  |d 1969-  |4 aut  |9 203299 
700 1 |a Chlebo, Peter,  |d 1962-  |4 aut  |9 188606 
773 0 |t Liečivé rastliny = Léčivé rostliny  |g Roč. XLIII, č. 1 (2006), s. 3-9  |x 1335-9878 
850 |a Slovenská národná knižnica 
852 |a Slovenská národná knižnica 
954 |a odborná, vedecká literatúra pôvodná (slovenská)  |2 lita 
958 |a article2022 
958 |a OND 
958 |a MI 
958 |a EUIPO 
999 |c 2907521  |d 2909451